| 000 | 00748nam a22002177a 4500 | ||
|---|---|---|---|
| 999 |
_c13034 _d13034 |
||
| 003 | AR-CdUCM | ||
| 008 | 190411b ||||| |||| 00| 0 spa d | ||
| 040 |
_aMUNICIPALIDAD PROVINCIAL DEL CUSCO _cBIBLIOTECA MUNICIPAL DEL CUSCO |
||
| 082 |
_23 ed. _a 860/ _bP44 |
||
| 100 |
_aPérez Galdós, Benito _91429 |
||
| 245 | _aEl amigo manso / | ||
| 260 |
_aBuenos Aires : _bLosada, _c1948. |
||
| 300 |
_a266 páginas ; _c18 cm. |
||
| 440 |
_aBiblioteca contemporánea _927761 |
||
| 505 | _aContenido : Yo no existo -- Yo soy máximo manso -- Voy a hablar de mi vecina -- Manolito Peña, mi discípulo ... | ||
| 650 |
_aLiteratura _983 |
||
| 650 |
_aEspañola _924066 |
||
| 650 |
_aUniversal _918236 |
||
| 942 |
_2ddc _cLIBROS |
||
| 945 |
_arah _d11/04/2019 |
||